| Tag |
First Indicator |
Second Indicator |
Subfields |
| LEADER |
00000cam a2200000 4500 |
| 001 |
in00003845788 |
| 005 |
20190415182803.0 |
| 006 |
m o d |
| 007 |
cr |n||||||||n |
| 008 |
850402s1795 enk|||| o 00| ||eng c |
| 035 |
|
|
|a (CU-RivES)N16689
|
| 035 |
|
|
|a (Uk-ES)006007387
|
| 035 |
|
|
|a (OCoLC)507984457
|
| 040 |
|
|
|a CU-RivES
|c CU-RivES
|d CU-RivES
|d CStRLIN
|d CU-RivES
|d Cengage Gale
|d UtOrBLW
|
| 100 |
1 |
|
|a Hull, Thomas,
|d 1728-1808.
|
| 240 |
1 |
0 |
|a Henry the Second
|
| 245 |
1 |
0 |
|a Henry II. or, The fall of Rosamond :
|b A tragedy, By Thomas Hull. Adapted for theatrical representation, as performed at the Theatre-Royal, Covent-Garden. Regulated from the prompt-book, by permission of the manager.
|
| 264 |
|
1 |
|a London :
|b Printed for the proprietors, under the direction of John Bell, British Library, Strand, bookseller to His Royal Highness the Prince of Wales,
|c MDCCXCV. [1795]
|
| 300 |
|
|
|a 1 online resource (80 pages,plate)
|
| 336 |
|
|
|a text
|b txt
|2 rdacontent
|
| 337 |
|
|
|a computer
|b c
|2 rdamedia
|
| 338 |
|
|
|a online resource
|b cr
|2 rdacarrier
|
| 500 |
|
|
|a Also issued as: 'Bell's British theatre', London 1797, volume28.
|
| 510 |
4 |
|
|a English Short Title Catalog,
|c N16689.
|
| 500 |
|
|
|a Reproduction of original from "Department of Special Collections, Kenneth Spencer Research Library, University of Kansas".
|
| 500 |
|
|
|a Electronic resource.
|
| 600 |
0 |
0 |
|a Henry
|b II,
|c King of England,
|d 1133-1189
|v Drama.
|
| 655 |
|
7 |
|a Electronic books.
|2 local
|
| 710 |
2 |
|
|a Gale (Firm)
|0 http://id.loc.gov/authorities/names/no2008071348
|
| 752 |
|
|
|a Great Britain
|b England
|d London.
|
| 856 |
4 |
0 |
|u http://proxy.library.tamu.edu/login?url=http://find.galegroup.com/ecco/infomark.do?contentSet=ECCOArticles&docType=ECCOArticles&bookId=1304000200&type=getFullCitation&tabID=T001&prodId=ECCO&docLevel=TEXT_GRAPHICS&version=1.0&source=library&userGroupName=txshracd2898
|z Connect to the full text of this electronic book
|t 0
|
| 999 |
f |
f |
|s bf5bff03-10ed-39e5-9c79-575de500f20f
|i 99dcec11-5133-3db9-843b-296563d1d52c
|t 0
|
| 952 |
f |
f |
|a Texas A&M University
|b College Station
|c Electronic Resources
|d Available Online
|t 0
|h No information provided
|
| 998 |
f |
f |
|t 0
|l Available Online
|